Rudiments of mathematics : (Record no. 42389)

MARC details
000 -LEADER
fixed length control field 00746nam a22001937a 4500
005 - DATE AND TIME OF LATEST TRANSACTION
control field 20100818122941.0
010 ## - LCCN (DPL NO)
LC control number ENG-100727
020 ## - INTERNATIONAL STANDARD BOOK NUMBER
International Standard Book Number 9788190908177
Terms of availability 375.00
035 ## - SYSTEM CONTROL NUMBER
System control number EN-84260
037 ## - SOURCE OF ACQUISITION
Source of stock number/acquisition DBAD/PUB
082 ## - DEWEY DECIMAL CLASSIFICATION NUMBER
Classification number 510
100 ## - MAIN ENTRY--PERSONAL NAME
Personal name Mukherjee, Manabendra Nath
245 ## - TITLE STATEMENT
Title Rudiments of mathematics :
Remainder of title MCQ & objectives for W.B. joint entrance and competitive examinations /
Statement of responsibility, etc by Manabendra Nath Mukherjee...[et.al]
260 ## - PUBLICATION, DISTRIBUTION, ETC. (IMPRINT)
Place of publication, distribution, etc Kolkata
Name of publisher, distributor, etc Academic Publishers
Date of publication, distribution, etc 2010
270 ## - ADDRESS
Address 5A Bhawani Dutta Lane
City Kolkata
Postal code 700073
300 ## - PHYSICAL DESCRIPTION
Extent xvi, 1032p.
Dimensions 24cm (pbk)
Accompanying material 1 CD-ROM
942 ## - ADDED ENTRY ELEMENTS (KOHA)
Source of classification or shelving scheme Dewey Decimal Classification
Item type English Books
Classification part 510
Call number suffix MUK
Holdings
Withdrawn status Lost status Not for loan Collection code Home library Current library Date acquired Source of acquisition Cost, normal purchase price Full call number Barcode Copy number Cost, replacement price Koha item type
    Not For Loan Non-fiction D.B.Act.Division D.B.Act.Division 18/08/2010 DBAD/PUB 375.00 510 MUK EN-84260 1 375.00 English Books

© Delhi Public Library
Hit Counter
free hit counter